000 01186naa a22003257a 4500
001 BR8002102
003 BR-BrBNA
005 20240918174545.0
007 ta
008 230509b bl.||||| |||| 00| 0 por d
040 _aBR-BrBNA
_bpor
_cBiblioteca Nacional de Agricultura
041 _a(Pt)
072 _aL00; E15
_b5213
_bG514
090 _aL00 BR8002102
100 1 _aGomes, S.T.
100 1 _aAlvarenga, S.C. de
100 1 _aOliveira, E.B. de
111 1 _a3. Simposio sobre Manejo de Bovinos no Tropico
_cBotucatu, SP (Brazil)
_d1978
245 1 _aEstudo da relacao entre custos e tamanho da exploracao de pecuaria de corte em Minas Gerais [Brasil]
260 3 _aCampinas, SP (Brasil):
_c1980.
500 _aAnais do 3. Simposio sobre Manejo de Bovinos no Tropico Campinas, SP (Brasil): 1980. p. 305-335 (BR8002102-AM)L00
650 _aProducao animal
650 _aMicroeconomia
650 _aGado de corte
650 _aCusto de producao
650 _aMinas Gerais
773 0 _tAnais do 3. Simposio sobre Manejo de Bovinos no Tropico
_wL00 BR8002102
_gCampinas, SP (Brasil), 1980. p. 305-335
909 _a202404
_bLucia
_c55
_dLucia Elande
942 _cAM
_2AGRIS
999 _c311991
_d311991